header

Materials processing in magnetic fields (Record no. 248496)

MARC details
000 -LEADER
fixed length control field 01830nam a2200349Ia 4500
245 10 - TITLE STATEMENT
Title Materials processing in magnetic fields
260 ## - PUBLICATION, DISTRIBUTION, ETC. (IMPRINT)
Place of publication Singapore ;
-- Hackensack, N.J. :
Name of publisher World Scientific,
Year of publication c2005.
300 ## - PHYSICAL DESCRIPTION
Number of Pages xii, 373 p. :
Other physical details ill.
500 ## - GENERAL NOTE
General note "NIMS; NHMFL, Florida State University, University of Florida, Los Alamos"--P. [4] of cover.
650 #0 - SUBJECT ADDED ENTRY--TOPICAL TERM
Topical Term Magnetic fields
Topical Term Magnetic fields
700 1# - ADDED ENTRY--PERSONAL NAME
Personal name Schneider-Muntau, Hans J.
Personal name Wada, Hitoshi.
856 40 - ELECTRONIC LOCATION AND ACCESS
Uniform Resource Identifier http://site.ebrary.com/lib/rucke/Doc?id=10174007

No items available.

© 2026 Rongo University
Contact us: librarian | system librarian | Rongo university